[Event "46th World U20 ch"]
[Site "Yerevan ARM"]
[Date "2007.10.06"]
[Round "4.6"]
[White "Kaplan, Sasha"]
[Black "Meier, Georg"]
[Result "0-1"]
[WhiteElo "2466"]
[BlackElo "2558"]
[EventDate "2007.10.03"]
[PlyCount "96"]

1.e4 e6 2.d4 d5 3.Nd2 dxe4 4.Nxe4 Nd7 5.Nf3 Ngf6 6.Nxf6+ Nxf6 7.c3 c5 8.
Ne5 a6 9.Qa4+ Nd7 10.dxc5 Bxc5 11.Bf4 Ra7 12.Rd1 b5 13.Qe4 Bb7 14.Qe2 Ba8 
15.Qg4 Qf6 16.Nd3 h5 17.Qh3 Bxf2+ 18.Kxf2 g5 19.Qg3 gxf4 20.Qxf4 Rg8 21.
Rg1 Rg5 22.Qxf6 Nxf6 23.Be2 h4 24.h3 Ne4+ 25.Ke1 Ke7 26.Nb4 Re5 27.Nd3 Rg5
28.Nb4 a5 29.Nd3 e5 30.Nf2 b4 31.Nxe4 Bxe4 32.Kf2 bxc3 33.bxc3 Rc7 34.c4 
Rg3 35.Rd2 Rc6 36.Bf1 Rf6+ 37.Ke1 Rb6 38.Kf2 Rb1 39.Re2 f5 40.Rd2 a4 41.c5
a3 42.Bc4 Rb2 43.Re2 Kd7 44.Ba6 Kc6 45.Bc4 Kxc5 46.Ba6 Kb4 47.Kf1 Ka5 48.
Bc4 Rc3 0-1

[Event "46th World U20 ch"]
[Site "Yerevan ARM"]
[Date "2007.10.06"]
[Round "4.8"]
[White "Jojua, Davit"]
[Black "Amin, Bassem"]
[Result "1/2-1/2"]
[WhiteElo "2434"]
[BlackElo "2561"]
[EventDate "2007.10.03"]
[PlyCount "116"]

1.d4 f5 2.Nc3 Nf6 3.Bg5 d5 4.Bxf6 exf6 5.e3 Be6 6.Bd3 Nc6 7.Nge2 Qd7 8.a3 
a6 9.Nf4 Bf7 10.h4 g6 11.Qf3 O-O-O 12.Nfe2 h5 13.b4 Ne5 14.dxe5 fxe5 15.
O-O e4 16.Qh3 Bg7 17.Rfd1 exd3 18.cxd3 d4 19.exd4 Bxd4 20.Nxd4 Qxd4 21.
Rac1 Qg4 22.Qxg4 hxg4 23.g3 Bb3 24.Rd2 Rd7 25.Re1 Rhd8 26.Ne2 Re7 27.Kf1 
Rde8 28.Rb1 Ba4 29.Rc1 Bc6 30.Nd4 Bf3 31.Rdc2 Rd8 32.Nxf3 gxf3 33.Rc3 g5 
34.Re1 Rxe1+ 35.Kxe1 g4 36.Rc5 f4 37.gxf4 Rxd3 38.Rg5 Rxa3 39.Rxg4 Rb3 40.
f5 Kd7 41.Re4 a5 42.bxa5 Rb5 43.Rf4 Ke7 44.f6+ Kf7 45.Rxf3 Rxa5 46.Rf4 Rd5
47.Ke2 b5 48.Ke3 c5 49.Ke4 Rd4+ 50.Ke3 Rd5 51.Ke4 Rd1 52.Rf5 Rc1 53.Ke5 b4
54.Rg5 Re1+ 55.Kf5 b3 56.Rg7+ Kf8 57.Rb7 c4 58.Kg6 Rg1+ 1/2-1/2

[Event "46th World U20 ch"]
[Site "Yerevan ARM"]
[Date "2007.10.06"]
[Round "4.9"]
[White "Ragger, Markus"]
[Black "Llaneza Vega, Marcos"]
[Result "1/2-1/2"]
[WhiteElo "2528"]
[BlackElo "2426"]
[EventDate "2007.10.03"]
[PlyCount "49"]

1.e4 c5 2.Nf3 Nc6 3.c3 e5 4.Bc4 Be7 5.d4 cxd4 6.cxd4 Nf6 7.dxe5 Nxe5 8.
Nxe5 Qa5+ 9.Nc3 Qxe5 10.f4 Qa5 11.Qe2 O-O 12.Bd2 d6 13.O-O Bg4 14.Qd3 Rac8
15.Bb3 Be6 16.Nd5 Qd8 17.Ba5 b6 18.Bb4 Bxd5 19.Bxd5 Nxd5 20.Qxd5 Qc7 21.
Rad1 Rfe8 22.Rfe1 h6 23.Qf5 Qc4 24.a3 Bf6 25.e5 1/2-1/2

[Event "46th World U20 ch"]
[Site "Yerevan ARM"]
[Date "2007.10.06"]
[Round "4.10"]
[White "Priborsky, Jan"]
[Black "Romanov, Evgeny"]
[Result "0-1"]
[WhiteElo "2359"]
[BlackElo "2515"]
[EventDate "2007.10.03"]
[PlyCount "106"]

1.e4 e5 2.Nf3 Nc6 3.Nc3 Nf6 4.Bb5 Nd4 5.Nxd4 exd4 6.e5 dxc3 7.exf6 Qxf6 8.
dxc3 Be7 9.O-O O-O 10.Qd4 d6 11.Bd3 Qxd4 12.cxd4 Bf6 13.c3 Be6 14.Re1 Rab8
15.Be4 a5 16.d5 Bd7 17.Be3 Rfe8 18.Bd4 Bxd4 19.cxd4 Kf8 20.b3 Bb5 21.f4 h6
22.Kf2 Re7 23.Bf3 Rbe8 24.a3 Rxe1 25.Rxe1 Bd3 26.Rxe8+ Kxe8 27.Ke3 Bc2 28.
b4 axb4 29.axb4 Kd8 30.h4 Kc8 31.Bh5 f6 32.g3 Kb8 33.Bg4 Ka7 34.Kd2 Bb3 
35.Bf3 Kb6 36.Kc3 Ba2 37.Kb2 Bc4 38.Kc3 Kb5 39.Be4 Be2 40.Bf5 Ka4 41.Bc8 
b6 42.Bf5 Bf3 43.Be6 Ka3 44.Kc4 Be2+ 45.Kc3 Ka2 46.Bf7 Kb1 47.Bg6+ Kc1 48.
Bc2 Bf3 49.Bb3 b5 50.Ba2 Bd1 51.h5 f5 52.Bc4 bxc4 53.Kxc4 Be2+ 0-1

[Event "46th World U20 ch"]
[Site "Yerevan ARM"]
[Date "2007.10.06"]
[Round "4.11"]
[White "Adly, Ahmed"]
[Black "Abhishek, Das"]
[Result "1-0"]
[WhiteElo "2494"]
[BlackElo "2383"]
[EventDate "2007.10.03"]
[PlyCount "129"]

1.d4 d5 2.c4 e6 3.Nc3 Be7 4.Qc2 Nf6 5.cxd5 exd5 6.Bg5 O-O 7.e3 b6 8.Bd3 
Nbd7 9.Nf3 Bb7 10.O-O c5 11.Ne5 h6 12.Bh4 Re8 13.Bb5 a6 14.Nc6 Qc7 15.
Nxe7+ Rxe7 16.Bxd7 Qxd7 17.Bxf6 gxf6 18.Na4 Qb5 19.dxc5 Rc8 20.c6 Qxc6 21.
Qxc6 Rxc6 22.Rac1 Rec7 23.Rxc6 Rxc6 24.Nc3 Rc4 25.Rd1 b5 26.a3 b4 27.axb4 
Rxb4 28.Rd2 a5 29.Kf1 a4 30.Nb1 Rc4 31.Na3 Rc1+ 32.Ke2 Ba6+ 33.Kf3 Bc4 34.
Rc2 Rd1 35.Nxc4 dxc4 36.Rxc4 Rd2 37.Rb4 Kg7 38.h4 Kg6 39.g4 Kg7 40.Kg3 Re2
41.e4 Rd2 42.f3 Kg8 43.Kf4 Re2 44.Kf5 Kg7 45.Rb6 Rh2 46.h5 Rc2 47.Rxf6 
Rxb2 48.Ra6 Rb3 49.f4 a3 50.e5 Rg3 51.Ra7 Re3 52.g5 hxg5 53.fxg5 Rf3+ 54.
Kg4 Re3 55.g6 Rxe5 56.Rxf7+ Kg8 57.Ra7 Rb5 58.Rxa3 Rc5 59.Ra8+ Kg7 60.Ra7+
Kg8 61.Rf7 Rd5 62.Rf5 Rd6 63.Kg5 Ra6 64.h6 Ra8 65.h7+ 1-0

[Event "46th World U20 ch"]
[Site "Yerevan ARM"]
[Date "2007.10.06"]
[Round "4.14"]
[White "Khamrakulov, Dzhurabek"]
[Black "Rohit, Gogineni"]
[Result "1-0"]
[WhiteElo "2359"]
[BlackElo "2491"]
[EventDate "2007.10.03"]
[PlyCount "57"]

1.e4 c5 2.c3 d5 3.exd5 Qxd5 4.d4 Nf6 5.Nf3 e6 6.Be3 cxd4 7.cxd4 Bb4+ 8.
Nbd2 Nc6 9.a3 Be7 10.Bc4 Qd8 11.Rc1 O-O 12.O-O Bd7 13.b4 Rc8 14.Nb3 Nd5 
15.Nc5 Nxe3 16.fxe3 Rc7 17.e4 Bc8 18.d5 Nb8 19.Qd4 b6 20.Nd3 exd5 21.Bxd5 
Bf6 22.e5 Be7 23.Rxc7 Qxc7 24.Rc1 Qd8 25.Nf4 Kh8 26.Bxf7 g5 27.Nd5 Rxf7 
28.e6+ Rg7 29.Nxe7 1-0

[Event "46th World U20 ch"]
[Site "Yerevan ARM"]
[Date "2007.10.06"]
[Round "4.15"]
[White "Mamikonian, Tigran"]
[Black "Sanikidze, Tornike"]
[Result "1/2-1/2"]
[WhiteElo "2257"]
[BlackElo "2455"]
[EventDate "2007.10.03"]
[PlyCount "95"]

1.e4 c5 2.Nf3 d6 3.d4 cxd4 4.Nxd4 Nf6 5.Nc3 Nc6 6.Bc4 e6 7.O-O a6 8.Bb3 
Qc7 9.Be3 Be7 10.f4 Na5 11.Ba4+ Bd7 12.Bxd7+ Qxd7 13.Qe2 b5 14.e5 dxe5 15.
fxe5 Nd5 16.Qf3 O-O 17.Nxd5 Qxd5 18.Qxd5 exd5 19.Nf5 Rfe8 20.Rad1 Nc4 21.
Rxd5 Nxb2 22.Rf3 Nc4 23.Bd4 Bf8 24.Nh6+ Kh8 25.Nxf7+ Kg8 26.Rd7 Re6 27.Nd8
Re8 28.Nf7 Re6 29.Rf5 h6 30.g4 Be7 31.Nd6 Nxd6 32.exd6 Rxd6 33.Rxd6 Bxd6 
34.Rd5 Bf8 35.Kf2 Rc8 36.c3 Rc4 37.Rd8 Kf7 38.Rd7+ Ke8 39.Rd5 Ra4 40.Re5+ 
Kf7 41.Re2 Be7 42.Ke3 Kg6 43.Kd3 Bf6 44.h3 Kg5 45.Rf2 Kg6 46.Ke4 Kg5 47.
Rf5+ Kg6 48.Rf2 1/2-1/2

[Event "46th World U20 ch"]
[Site "Yerevan ARM"]
[Date "2007.10.06"]
[Round "4.16"]
[White "Vlashki, Nino"]
[Black "Melkumian, Hrant"]
[Result "0-1"]
[WhiteElo "2077"]
[BlackElo "2469"]
[EventDate "2007.10.03"]
[PlyCount "94"]

1.e4 e5 2.Nf3 Nc6 3.Bb5 a6 4.Ba4 Nf6 5.O-O Nxe4 6.d4 b5 7.Bb3 d5 8.dxe5 
Be6 9.Nbd2 Bc5 10.Qe2 Nxd2 11.Bxd2 O-O 12.a4 Bg4 13.c3 Re8 14.Bf4 Rb8 15.
axb5 axb5 16.Qd3 Ne7 17.Bg5 c6 18.Bc2 g6 19.Qd2 Bxf3 20.gxf3 Qd7 21.b4 Bb6
22.Ra6 Nf5 23.Qf4 Ng7 24.Bh6 Qe6 25.Qf6 Qxf6 26.exf6 Nh5 27.Bg5 h6 28.Bxh6
Nxf6 29.Bf4 Rb7 30.Bd3 Re6 31.Rfa1 Kg7 32.Kf1 Nd7 33.Re1 Rf6 34.Be3 Bxe3 
35.Rxe3 Nb6 36.Be2 Rb8 37.Kg2 d4 38.cxd4 Nd5 39.Rb3 Nf4+ 40.Kf1 Rh8 41.Re3
Rxh2 42.Kg1 Rh8 43.Ra2 Nd5 44.Rb3 Rf4 45.Rc2 Rfh4 46.Bd3 Rh1+ 47.Kg2 R8h3 
0-1

[Event "46th World U20 ch"]
[Site "Yerevan ARM"]
[Date "2007.10.06"]
[Round "4.17"]
[White "Margvelashvili, Giorgi"]
[Black "Tamazian, Haik"]
[Result "1/2-1/2"]
[WhiteElo "2451"]
[BlackElo "2072"]
[EventDate "2007.10.03"]
[PlyCount "55"]

1.Nf3 Nf6 2.c4 e6 3.d4 b6 4.e3 Bb7 5.Nc3 d5 6.cxd5 exd5 7.Bb5+ c6 8.Bd3 
Bd6 9.O-O O-O 10.e4 dxe4 11.Nxe4 Nxe4 12.Bxe4 Nd7 13.Bg5 Be7 14.Bxe7 Qxe7 
15.Re1 Qd6 16.Ne5 Nf6 17.Bf3 Rad8 18.Qa4 a6 19.Nxc6 Bxc6 20.Bxc6 Ng4 21.g3
Qh6 22.h4 Qd2 23.Rf1 Rxd4 24.Rad1 Rxa4 25.Rxd2 Rxa2 26.Rc1 Nf6 27.Bf3 Ra4 
28.Rc7 1/2-1/2

[Event "46th World U20 ch"]
[Site "Yerevan ARM"]
[Date "2007.10.06"]
[Round "4.18"]
[White "Vovk, Yuriy"]
[Black "Simonian, Hrair"]
[Result "1-0"]
[WhiteElo "2561"]
[BlackElo "2405"]
[EventDate "2007.10.03"]
[PlyCount "163"]

1.e4 c5 2.Nf3 e6 3.d4 cxd4 4.Nxd4 a6 5.Nc3 b5 6.Bd3 Bc5 7.Nb3 Be7 8.e5 Nc6
9.Bf4 Qc7 10.Qe2 Bb7 11.Qe3 h5 12.h3 Nh6 13.O-O g5 14.Bh2 Nb4 15.Be4 Bxe4 
16.Qxe4 Qc6 17.Nd4 Qxe4 18.Nxe4 Nc6 19.Nxc6 dxc6 20.Rfd1 Rd8 21.Rxd8+ Kxd8
22.a4 b4 23.Nf6 Nf5 24.g4 hxg4 25.hxg4 Nh4 26.Bg3 Kc8 27.Rd1 Ng6 28.Kg2 
Rd8 29.Rxd8+ Kxd8 30.Kf3 Kc7 31.Ke4 c5 32.Ng8 Bf8 33.f3 Bg7 34.Nf6 Kc6 35.
Nh7 Bh6 36.Bf2 Bg7 37.Nf6 Bxf6 38.exf6 Nf8 39.Be3 Nh7 40.Ke5 c4 41.Kd4 
Nxf6 42.Kxc4 Nd7 43.Bxg5 Ne5+ 44.Kxb4 Nxf3 45.Be3 Ne5 46.g5 Kd5 47.b3 Nc6+
48.Kc3 a5 49.Bb6 e5 50.Kd2 Ke4 51.c3 Kf4 52.Be3+ Ke4 53.Bc5 Kd5 54.Bb6 Ke4
55.Ke2 Kf4 56.Be3+ Ke4 57.Bc5 Kd5 58.Bb6 Ke4 59.Be3 Kf5 60.Kd3 f6 61.gxf6 
Kxf6 62.Kc4 Ke6 63.Kc5 Kd7 64.Kd5 Kc7 65.Bg1 Kb7 66.Bh2 Ne7+ 67.Kxe5 Kb6 
68.Bg1+ Ka6 69.Kd6 Nf5+ 70.Kc5 Ng3 71.b4 axb4 72.cxb4 Ne2 73.Bd4 Nf4 74.
Kc6 Ne6 75.b5+ Ka5 76.Bf6 Nf4 77.Bc3+ Kxa4 78.b6 Ne6 79.Bf6 Ka5 80.b7 Nd8+
81.Bxd8+ Ka6 82.Bc7 1-0

[Event "46th World U20 ch"]
[Site "Yerevan ARM"]
[Date "2007.10.06"]
[Round "4.19"]
[White "Corrales Jimenez, Fidel"]
[Black "Bregadze, Levan"]
[Result "1-0"]
[WhiteElo "2513"]
[BlackElo "2388"]
[EventDate "2007.10.03"]
[PlyCount "55"]

1.e4 c5 2.Nf3 d6 3.d4 cxd4 4.Nxd4 Nf6 5.Nc3 Nc6 6.Bg5 e6 7.Qd2 Qb6 8.Bxf6 
gxf6 9.Nb3 Bd7 10.O-O-O O-O-O 11.f4 Rg8 12.Kb1 Kb8 13.g3 Na5 14.Be2 Nxb3 
15.axb3 Bc6 16.Bh5 Rd7 17.Rhf1 Bh6 18.Qg2 f5 19.Qh3 Bg7 20.exf5 Bxc3 21.
fxe6 Be4 22.exf7 Rc8 23.Qxd7 Bg7 24.Qxd6+ Qxd6 25.Rxd6 Rxc2 26.Re6 Bd3 27.
Rf3 Bf5 28.Re8+ 1-0

[Event "46th World U20 ch"]
[Site "Yerevan ARM"]
[Date "2007.10.06"]
[Round "4.20"]
[White "Ter-Sahakyan, Samvel"]
[Black "Feller, Sebastien"]
[Result "1/2-1/2"]
[WhiteElo "2389"]
[BlackElo "2513"]
[EventDate "2007.10.03"]
[PlyCount "106"]

1.e4 e5 2.Nf3 Nc6 3.Bb5 Nf6 4.O-O Nxe4 5.d4 Nd6 6.Bxc6 dxc6 7.dxe5 Nf5 8.
Qxd8+ Kxd8 9.Nc3 Bd7 10.Bf4 Kc8 11.Rad1 h6 12.h3 Be7 13.g4 Nh4 14.Nxh4 
Bxh4 15.Kg2 h5 16.f3 Be6 17.Ne4 Bd5 18.g5 b6 19.Rd4 Be6 20.Be3 c5 21.Rdd1 
Kb7 22.f4 Bf5 23.Kf3 f6 24.gxf6 gxf6 25.Bf2 Bxf2 26.Rxf2 fxe5 27.fxe5 Bxh3
28.Rh1 Be6 29.Rh4 Bxa2 30.Rfh2 Bd5 31.Rxh5 Rhf8+ 32.Ke3 Bxe4 33.Kxe4 Rad8 
34.c3 Rf1 35.Re2 Re8 36.Rh6 a5 37.e6 Kc6 38.Ke5 a4 39.Rf6 Rd1 40.Rff2 b5 
41.Kf6 Rf8+ 42.Kg7 Rxf2 43.Rxf2 Re1 44.Kf7 Kd5 45.e7 Kc4 46.e8=Q Rxe8 47.
Kxe8 Kb3 48.Kd7 b4 49.Kxc7 a3 50.bxa3 bxc3 51.Rf3 Kb2 52.Kc6 c2 53.Rf2 Kb3
1/2-1/2

[Event "46th World U20 ch"]
[Site "Yerevan ARM"]
[Date "2007.10.06"]
[Round "4.21"]
[White "Benidze, Davit"]
[Black "Grigorian, Avetik"]
[Result "0-1"]
[WhiteElo "2365"]
[BlackElo "2489"]
[EventDate "2007.10.03"]
[PlyCount "44"]

1.d4 Nf6 2.c4 g6 3.Nc3 Bg7 4.e4 d6 5.f3 O-O 6.Be3 c5 7.dxc5 dxc5 8.Qxd8 
Rxd8 9.Bxc5 Nc6 10.Ba3 Nd7 11.Nd5 e6 12.Nc7 Rb8 13.Nb5 a6 14.Nd6 b5 15.
cxb5 axb5 16.Nxb5 Ba6 17.Rc1 Nde5 18.Nd6 Bxf1 19.Kxf1 Bf8 20.Nc4 Nxc4 21.
Rxc4 Bxa3 22.bxa3 Rb2 0-1

[Event "46th World U20 ch"]
[Site "Yerevan ARM"]
[Date "2007.10.06"]
[Round "4.23"]
[White "Nigalidze, Gaioz"]
[Black "Garcia Cardenas, Pablo"]
[Result "0-1"]
[WhiteElo "2440"]
[BlackElo "2149"]
[EventDate "2007.10.03"]
[PlyCount "110"]

1.d4 Nf6 2.c4 e6 3.Nf3 b6 4.g3 Ba6 5.b3 Bb7 6.Bg2 Bb4+ 7.Bd2 a5 8.O-O O-O 
9.Nc3 Qe7 10.Qc2 Na6 11.Rfe1 Bxc3 12.Bxc3 Be4 13.Qb2 d5 14.Bh3 h5 15.Ne5 
Bh7 16.f3 h4 17.g4 Nd7 18.Nxd7 Qxd7 19.e4 Nb4 20.Rad1 Nc6 21.cxd5 exd5 22.
Qd2 Rfe8 23.e5 a4 24.b4 a3 25.f4 Be4 26.f5 f6 27.Qf4 Qe7 28.Bg2 Nxb4 29.
Bxe4 dxe4 30.Qxe4 Rad8 31.Bxb4 Qxb4 32.e6 Rd6 33.g5 fxg5 34.Re2 Qa4 35.
Rdd2 c5 36.Qb7 Rf8 37.f6 gxf6 38.Qe4 Kg7 39.Qb7+ Kg8 40.Qf3 cxd4 41.Qe4 
Kg7 42.Qb7+ Kg6 43.Qe4+ Kh6 44.Rc2 Qa7 45.e7 Re8 46.Rcd2 Qd7 47.Rd3 Rd5 
48.Qf3 Rf5 49.Qh3 Qb5 50.Rf3 Qxe2 51.Qxf5 Qxe7 52.Qxf6+ Qxf6 53.Rxf6+ Kh5 
54.Rxb6 Re1+ 55.Kf2 Ra1 0-1

[Event "46th World U20 ch"]
[Site "Yerevan ARM"]
[Date "2007.10.06"]
[Round "4.24"]
[White "Vardanian, Haik"]
[Black "Ibarra Chami, Luis Fernando"]
[Result "1/2-1/2"]
[WhiteElo "2118"]
[BlackElo "2416"]
[EventDate "2007.10.03"]
[PlyCount "89"]

1.d4 d5 2.c4 e6 3.Nf3 Nf6 4.Nc3 Bb4 5.Bg5 Nbd7 6.cxd5 exd5 7.e3 c5 8.Bd3 
Qa5 9.O-O Bxc3 10.bxc3 c4 11.Bf5 Ne4 12.Qc2 Ndf6 13.Bxc8 Rxc8 14.Bxf6 Nxf6
15.Rab1 O-O 16.Nd2 b5 17.Rb4 Rb8 18.h3 Ne8 19.e4 Nc7 20.a4 dxe4 21.axb5 
Nd5 22.Rxc4 e3 23.Rc5 Rxb5 24.Nb3 Qa4 25.Rxb5 Qxb5 26.c4 Qc6 27.Nc5 exf2+ 
28.Qxf2 Nb6 29.d5 Qd6 30.Qd4 Rc8 31.Ne4 Qb4 32.Nd2 Nxc4 33.Nxc4 Qxc4 34.
Qxa7 Qxd5 35.Qe3 g6 36.Rc1 Ra8 37.Re1 h5 38.Qe4 Qc5+ 39.Qe3 Qf8 40.Qe7 Qc8
41.Rf1 Qc4 42.Qe5 Ra2 43.Qe8+ Kg7 44.Qe5+ Kh7 45.Qe7 1/2-1/2

[Event "46th World U20 ch"]
[Site "Yerevan ARM"]
[Date "2007.10.06"]
[Round "4.25"]
[White "Khairullin, Ildar"]
[Black "Kalashian, David"]
[Result "1/2-1/2"]
[WhiteElo "2567"]
[BlackElo "2361"]
[EventDate "2007.10.03"]
[PlyCount "53"]

1.e4 c5 2.Nf3 d6 3.Bc4 Nf6 4.d3 e6 5.O-O Be7 6.c3 O-O 7.Bb3 Nc6 8.Re1 b5 
9.Nbd2 a5 10.Bc2 b4 11.Nf1 Ba6 12.Ng3 Rc8 13.d4 bxc3 14.bxc3 cxd4 15.cxd4 
Nb4 16.Bb1 Qc7 17.Bd2 Qc4 18.a3 Nc2 19.Bxc2 Qxc2 20.Bxa5 Qxd1 21.Rexd1 d5 
22.e5 Nd7 23.Bb4 Bxb4 24.axb4 Rc6 25.Rdc1 Rb6 26.Rc7 Nb8 27.h3 1/2-1/2

[Event "46th World U20 ch"]
[Site "Yerevan ARM"]
[Date "2007.10.06"]
[Round "4.26"]
[White "Vovk, Ilja"]
[Black "Brandenburg, Daan"]
[Result "0-1"]
[WhiteElo "2325"]
[BlackElo "2483"]
[EventDate "2007.10.03"]
[PlyCount "120"]

1.d4 Nf6 2.c4 c5 3.d5 b5 4.cxb5 a6 5.b6 e6 6.Nc3 Nxd5 7.Nxd5 exd5 8.Qxd5 
Nc6 9.g3 Qxb6 10.Bg2 Qb4+ 11.Qd2 Rb8 12.Nf3 Be7 13.O-O Qxd2 14.Nxd2 Nd4 
15.e3 Ne2+ 16.Kh1 Nxc1 17.Raxc1 Rxb2 18.Nc4 Rb5 19.Rfd1 Kd8 20.a4 Rb8 21.
a5 Rb5 22.Bh3 Kc7 23.e4 d6 24.Bxc8 Rxc8 25.Rd5 Rcb8 26.Kg2 Kc6 27.Rcd1 Rd8
28.e5 Rb4 29.Nxd6 Bf8 30.f4 Rd7 31.Kf3 Ra4 32.R5d2 Rb4 33.h4 h5 34.Ne4 
Rb3+ 35.Kf2 Rxd2+ 36.Rxd2 c4 37.Rd8 Be7 38.Re8 Bb4 39.Rc8+ Kd5 40.Nd6 Bc5+
41.Ke2 Rb2+ 42.Kd1 c3 43.Nxf7 Rg2 44.Kc1 Kc4 45.e6 Kb3 46.Rb8+ Bb4 47.
Rxb4+ Kxb4 48.Ne5 Kb3 49.Nf3 Rxg3 50.Nd4+ Kc4 51.Nc6 Rg1+ 52.Kc2 Rg2+ 53.
Kc1 Re2 54.e7 Re6 55.Kc2 Kc5 56.f5 Re3 57.Nd8 Rxe7 58.Kxc3 Kd5 59.Kb4 Re4+
60.Kc3 Rxh4 0-1

[Event "46th World U20 ch"]
[Site "Yerevan ARM"]
[Date "2007.10.06"]
[Round "4.27"]
[White "Gupta, Abhijeet"]
[Black "Fusco, Leonardo"]
[Result "1-0"]
[WhiteElo "2470"]
[BlackElo "2341"]
[EventDate "2007.10.03"]
[PlyCount "77"]

1.d4 Nf6 2.c4 g6 3.Nc3 d5 4.Bg5 Ne4 5.Bh4 Nxc3 6.bxc3 dxc4 7.e3 Be6 8.Qb1 
b6 9.Nf3 Bh6 10.Be2 Nd7 11.O-O c6 12.a4 O-O 13.Nd2 Ne5 14.Qa2 Nd3 15.Nxc4 
Nxf2 16.Rxf2 Bxe3 17.Qb2 Bxf2+ 18.Bxf2 f6 19.Ne3 Qd7 20.Re1 Rfd8 21.Bf3 
Rac8 22.Qe2 b5 23.Ng4 Bd5 24.Qxe7 Qxe7 25.Rxe7 Bxf3 26.gxf3 Rf8 27.a5 a6 
28.Bh4 g5 29.Bg3 h5 30.Nh6+ Kh8 31.h4 Rfe8 32.Ra7 Ra8 33.Rd7 g4 34.Kf2 
gxf3 35.Kxf3 Re6 36.Nf7+ Kg8 37.Nd8 Re8 38.Nxc6 Rac8 39.d5 1-0

[Event "46th World U20 ch"]
[Site "Yerevan ARM"]
[Date "2007.10.07"]
[Round "5.4"]
[White "Stellwagen, Daniel"]
[Black "Pashikian, Arman"]
[Result "1-0"]
[WhiteElo "2639"]
[BlackElo "2534"]
[EventDate "2007.10.03"]
[PlyCount "79"]

1.e4 e5 2.Nf3 Nc6 3.Bb5 a6 4.Ba4 Nf6 5.O-O Be7 6.Re1 b5 7.Bb3 O-O 8.c3 d5 
9.exd5 Nxd5 10.Nxe5 Nxe5 11.Rxe5 c6 12.d3 Bd6 13.Re1 Bf5 14.Qf3 Qh4 15.g3 
Qh3 16.Bxd5 cxd5 17.Qxd5 Rad8 18.Qg2 Qh5 19.Be3 Bxd3 20.Nd2 Bf5 21.Qc6 Bh3
22.a4 Bb8 23.axb5 axb5 24.Ra5 Bd7 25.Qc5 Qg6 26.Qg5 Qd3 27.Bd4 f6 28.Qd5+ 
Kh8 29.Nb3 Rde8 30.Raa1 Bg4 31.Nc5 Rxe1+ 32.Rxe1 Qd2 33.Qe4 h5 34.Kg2 Bd6 
35.h3 Bc8 36.Re2 Qg5 37.Ne6 Bxe6 38.Qxe6 Bb8 39.h4 Qg6 40.Qd5 1-0

[Event "46th World U20 ch"]
[Site "Yerevan ARM"]
[Date "2007.10.07"]
[Round "5.5"]
[White "Laznicka, Viktor"]
[Black "Gopal, Geetha Narayanan"]
[Result "1/2-1/2"]
[WhiteElo "2610"]
[BlackElo "2520"]
[EventDate "2007.10.03"]
[PlyCount "61"]

1.d4 Nf6 2.c4 g6 3.Nc3 d5 4.Bd2 Bg7 5.Nf3 O-O 6.e3 b6 7.cxd5 Nxd5 8.Bc4 
Bb7 9.Qb3 e6 10.O-O Nd7 11.Rfd1 Nxc3 12.Bxc3 Qe7 13.Rac1 Rfd8 14.Be2 c5 
15.Qa3 a6 16.dxc5 Bxc3 17.Qxc3 Nxc5 18.b4 Rxd1+ 19.Bxd1 Nd7 20.Qd4 Rc8 21.
Rxc8+ Bxc8 22.h3 Bb7 23.Be2 a5 24.a3 axb4 25.axb4 Bd5 26.Qc3 Qd6 27.Nd4 
Bb7 28.Bf1 Nf6 29.b5 Ne4 30.Qc2 Nc5 31.Qc3 1/2-1/2

[Event "46th World U20 ch"]
[Site "Yerevan ARM"]
[Date "2007.10.07"]
[Round "5.8"]
[White "Popov, Ivan"]
[Black "Khamrakulov, Dzhurabek"]
[Result "1-0"]
[WhiteElo "2539"]
[BlackElo "2359"]
[EventDate "2007.10.03"]
[PlyCount "57"]

1.e4 c5 2.Nf3 d6 3.d4 cxd4 4.Nxd4 Nf6 5.Nc3 a6 6.Be2 e5 7.Nb3 Be7 8.Bg5 
Be6 9.Bxf6 Bxf6 10.Qd3 Nc6 11.O-O-O Nd4 12.Nxd4 exd4 13.Nd5 Bxd5 14.exd5 
O-O 15.Qf3 Re8 16.Bd3 Re5 17.Kb1 Qa5 18.g4 Qxd5 19.Qxd5 Rxd5 20.f4 g6 21.
b4 Rc8 22.a4 Rc3 23.Ka2 Be5 24.Be4 d3 25.Bxd5 Rxc2+ 26.Ka3 Rc3+ 27.Bb3 
Bxf4 28.Rhf1 g5 29.Rf3 1-0

[Event "46th World U20 ch"]
[Site "Yerevan ARM"]
[Date "2007.10.07"]
[Round "5.9"]
[White "Melkumian, Hrant"]
[Black "Vovk, Yuriy"]
[Result "1-0"]
[WhiteElo "2469"]
[BlackElo "2561"]
[EventDate "2007.10.03"]
[PlyCount "70"]

1.d4 Nf6 2.c4 e6 3.Nf3 d5 4.g3 dxc4 5.Bg2 Bb4+ 6.Bd2 a5 7.Qc2 Nc6 8.Qxc4 
Qd5 9.Qxd5 exd5 10.O-O Bg4 11.e3 Ne4 12.Bc3 f5 13.Rc1 Be7 14.Be1 O-O 15.
Nc3 Rfd8 16.Nb5 Rd7 17.Rxc6 bxc6 18.Ne5 cxb5 19.Nxd7 Bh5 20.Rc1 Bd6 21.f3 
Ng5 22.Kf2 Ne6 23.f4 Rd8 24.Bxd5 Bf7 25.Bc6 b4 26.Ne5 Bxe5 27.fxe5 Ng5 28.
b3 Ne4+ 29.Kf1 g5 30.Bb7 c5 31.dxc5 Be6 32.c6 Re8 33.g4 Bd5 34.gxf5 Rxe5 
35.Ba6 Rxf5+ 1-0

[Event "46th World U20 ch"]
[Site "Yerevan ARM"]
[Date "2007.10.07"]
[Round "5.10"]
[White "Amin, Bassem"]
[Black "Margvelashvili, Giorgi"]
[Result "1-0"]
[WhiteElo "2561"]
[BlackElo "2451"]
[EventDate "2007.10.03"]
[PlyCount "121"]

1.e4 c5 2.Nf3 Nc6 3.d3 d6 4.g3 Nf6 5.Bg2 e6 6.O-O Be7 7.Re1 O-O 8.c3 Bd7 
9.d4 cxd4 10.cxd4 d5 11.e5 Ne4 12.Nbd2 Nxd2 13.Bxd2 Rc8 14.a3 Qb6 15.Bc3 
Na5 16.Nd2 Rfd8 17.h4 Nc4 18.Rb1 Qc7 19.Rc1 Qb6 20.Qc2 Rc7 21.Nxc4 dxc4 
22.Be4 h6 23.Qd2 Qb5 24.Bb1 Bc6 25.Qc2 g6 26.Kh2 Qd5 27.f4 h5 28.Rg1 Kf8 
29.Rce1 Ke8 30.Qf2 Qb5 31.g4 hxg4 32.Rxg4 Kd7 33.f5 gxf5 34.Bxf5 Kc8 35.
Bc2 Rcd7 36.a4 Qb6 37.h5 Qc7 38.Reg1 f5 39.Rg6 Rh8 40.Bd1 Bd5 41.Rg8+ Rd8 
42.R8g7 Rde8 43.Bb4 Qd8 44.Bxe7 Rxe7 45.Qh4 Rxg7 46.Qxd8+ Kxd8 47.Rxg7 f4 
48.Bg4 a5 49.Kh3 Ke8 50.Rc7 Kd8 51.Rf7 f3 52.Kh4 Ke8 53.Rf6 Rf8 54.Rxf8+ 
Kxf8 55.Kg3 Bc6 56.Bxe6 Bxa4 57.Bxc4 b5 58.Bd5 b4 59.h6 Bc2 60.Kxf3 a4 61.
Ke3 1-0

[Event "46th World U20 ch"]
[Site "Yerevan ARM"]
[Date "2007.10.07"]
[Round "5.11"]
[White "Kaplan, Sasha"]
[Black "Ragger, Markus"]
[Result "1/2-1/2"]
[WhiteElo "2466"]
[BlackElo "2528"]
[EventDate "2007.10.03"]
[PlyCount "101"]

1.e4 e5 2.Nf3 Nc6 3.Bb5 a6 4.Ba4 Nf6 5.O-O Be7 6.Re1 b5 7.Bb3 d6 8.c3 O-O 
9.h3 Na5 10.Bc2 d5 11.exd5 e4 12.Bxe4 Nxe4 13.Rxe4 Bb7 14.d4 Re8 15.Bf4 
Nc4 16.b3 Nb6 17.c4 bxc4 18.bxc4 Nxc4 19.Nc3 Nd6 20.Re1 Nb5 21.Rc1 Rc8 22.
Qa4 Bd6 23.Rxe8+ Qxe8 24.Re1 Qd7 25.Ne5 Bxe5 26.dxe5 Rd8 27.Qb3 Bxd5 28.
Nxd5 Qxd5 29.Qxd5 Rxd5 30.e6 fxe6 31.Rxe6 Nd4 32.Re1 c5 33.Kf1 Kf7 34.Rb1 
Nb5 35.g3 Rd4 36.Rc1 Ra4 37.Rxc5 Rxa2 38.Be5 Rd2 39.Rc6 Rd5 40.f4 a5 41.
Ra6 h5 42.Rxa5 g5 43.Kf2 h4 44.g4 gxf4 45.Bxf4 Rc5 46.Ke3 Rc3+ 47.Ke4 Rc4+
48.Ke3 Rc3+ 49.Kd2 Rb3 50.Be5 Na3 51.Ra4 1/2-1/2

[Event "46th World U20 ch"]
[Site "Yerevan ARM"]
[Date "2007.10.07"]
[Round "5.14"]
[White "Tamazian, Haik"]
[Black "Banusz, Tamas"]
[Result "1/2-1/2"]
[WhiteElo "2072"]
[BlackElo "2491"]
[EventDate "2007.10.03"]
[PlyCount "141"]

1.e4 c5 2.Nf3 e6 3.d4 cxd4 4.Nxd4 Nf6 5.Nc3 Nc6 6.Nxc6 bxc6 7.e5 Nd5 8.Ne4
Qc7 9.f4 Qb6 10.c4 Bb4+ 11.Ke2 Ba6 12.Kf3 f5 13.Nf2 Ne7 14.Be3 Bc5 15.Bxc5
Qxc5 16.Qd6 Qa5 17.Be2 g5 18.g3 Qb6 19.b3 gxf4 20.gxf4 Ng6 21.Nd1 c5 22.
Qxb6 axb6 23.Rg1 Ke7 24.Nc3 Rhg8 25.Ke3 Nh4 26.Bf3 Nxf3 27.Kxf3 Bb7+ 28.
Kf2 Rg6 29.Rxg6 hxg6 30.Rg1 Rh8 31.Kg3 d5 32.exd6+ Kxd6 33.Re1 Bc6 34.h4 
Re8 35.Nb5+ Bxb5 36.cxb5 Ra8 37.Rd1+ Ke7 38.a4 c4 39.bxc4 Rxa4 40.Rd4 Ra3+
41.Kg2 Re3 42.Kh2 e5 43.fxe5 Rxe5 44.Kg3 Re6 45.Kf3 Re1 46.Kf4 Ke6 47.Kg5 
Rg1+ 48.Kf4 Rg2 49.Kf3 Rh2 50.Kg3 Rc2 51.Kf4 Rc3 52.Kg5 Rg3+ 53.Kf4 Rg1 
54.Kf3 Rc1 55.Kf4 Rc3 56.Kg5 Rg3+ 57.Kf4 Rg4+ 58.Ke3 Rxd4 59.Kxd4 Kd6 60.
Kd3 Kc5 61.Kc3 f4 62.Kd3 f3 63.Ke3 Kxc4 64.Kxf3 Kxb5 65.Kf4 Kc6 66.Kg5 b5 
67.Kxg6 b4 68.h5 b3 69.h6 b2 70.h7 b1=Q+ 71.Kg7 1/2-1/2

[Event "46th World U20 ch"]
[Site "Yerevan ARM"]
[Date "2007.10.07"]
[Round "5.15"]
[White "Grigorian, Avetik"]
[Black "Mamikonian, Tigran"]
[Result "1-0"]
[WhiteElo "2489"]
[BlackElo "2257"]
[EventDate "2007.10.03"]
[PlyCount "107"]

1.d4 Nf6 2.c4 g6 3.Nc3 d5 4.cxd5 Nxd5 5.e4 Nxc3 6.bxc3 c5 7.Be3 Bg7 8.Rc1 
O-O 9.Nf3 Qa5 10.Qd2 cxd4 11.cxd4 Qxd2+ 12.Bxd2 Bd7 13.Rc7 Rc8 14.Rxc8+ 
Bxc8 15.Bc4 Nc6 16.d5 Ne5 17.Nxe5 Bxe5 18.f4 Bd6 19.Ke2 Bg4+ 20.Kd3 Rc8 
21.Rb1 b6 22.Bb5 Rc5 23.Be3 Rxd5+ 24.Kc2 Rh5 25.h3 Be6 26.e5 Bc5 27.Bxc5 
bxc5 28.Kd2 g5 29.Be2 Rh4 30.fxg5 Ra4 31.Rb7 Rxa2+ 32.Ke3 Ra3+ 33.Kf2 Kf8 
34.Rb8+ Kg7 35.Rb7 a5 36.Rxe7 a4 37.Ra7 Kg6 38.h4 Kf5 39.Bh5 Ra2+ 40.Ke3 
Kxe5 41.Bxf7 Ra3+ 42.Kf2 Ra2+ 43.Kg3 Bxf7 44.Rxf7 a3 45.Rxh7 Kf5 46.Rf7+ 
Kg6 47.Rf6+ Kg7 48.h5 Rb2 49.h6+ Kh7 50.Rf7+ Kg8 51.Ra7 Rb6 52.Kh4 c4 53.
Kh5 Rb5 54.h7+ 1-0